The role or private banks in woman entrepreneurship development in Pandicherry / (Record no. 23644)

MARC details
000 -LEADER
fixed length control field 00860nam a22002177a 4500
008 - FIXED-LENGTH DATA ELEMENTS--GENERAL INFORMATION
fixed length control field 090213t xxu||||| |||| 00| 0 eng d
010 ## - LCCN (DPL NO)
LC control number ENG-92970
020 ## - INTERNATIONAL STANDARD BOOK NUMBER
Terms of availability 100.00
International Standard Book Number 8188295078
035 ## - SYSTEM CONTROL NUMBER
System control number EN-76503
037 ## - SOURCE OF ACQUISITION
Source of stock number/acquisition DBAD / PUB
040 ## - CATALOGING SOURCE
Original cataloging agency dpl
Language of cataloging English
082 ## - DEWEY DECIMAL CLASSIFICATION NUMBER
Classification number 332.123
100 ## - MAIN ENTRY--PERSONAL NAME
Personal name Vijayakumar, M.
245 ## - TITLE STATEMENT
Title The role or private banks in woman entrepreneurship development in Pandicherry /
Statement of responsibility, etc by M. Vijayakumar
260 ## - PUBLICATION, DISTRIBUTION, ETC. (IMPRINT)
Place of publication, distribution, etc Trichi
Name of publisher, distributor, etc Nawal Publications
Date of publication, distribution, etc 2007
270 ## - ADDRESS
Address P.B. No. 473, 51, Jabarsha Street,
City Trichi
Postal code 8
300 ## - PHYSICAL DESCRIPTION
Extent 95p.
Dimensions 20cm (pbk)
500 ## - GENERAL NOTE
General note Includes bibliographical references
942 ## - ADDED ENTRY ELEMENTS (KOHA)
Source of classification or shelving scheme Dewey Decimal Classification
Item type English Books
Call number suffix VIJ
Classification part 332.123
Holdings
Withdrawn status Lost status Source of classification or shelving scheme Damaged status Not for loan Collection code Home library Current library Date acquired Source of acquisition Cost, normal purchase price Total Checkouts Full call number Barcode Date last seen Copy number Cost, replacement price Koha item type
    Dewey Decimal Classification   Not For Loan Non-fiction D.B.Act.Division D.B.Act.Division 13/02/2009 DBAD / PUB 100.00   332.123 VIJ EN-76503 13/02/2009 1 100.00 English Books

© Delhi Public Library
Hit Counter
free hit counter